| 000 | 00601cab a2200205 4500 | ||
|---|---|---|---|
| 001 | WB2546-21 | ||
| 008 | 090401t1989 xxu||||| |||| 00| 0 eng d | ||
| 035 | _a(Sirsi) u4233 | ||
| 041 | _aeng | ||
| 245 | _aNew body to help tenants move | ||
| 260 | _c1989 | ||
| 350 | _a0 | ||
| 490 |
_aDoE News Release _v606 15 November 1989 2 pages |
||
| 520 | _aThree existing bodies, which help tenants move from one area to another, are to be amalgamated into one organisation. | ||
| 650 | _aCOUNCIL HOUSING | ||
| 650 | _aMOBILITY | ||
| 690 |
_aBlock management _96220 |
||
| 942 | _n0 | ||
| 948 | _c04/03/1997 | ||
| 999 |
_c2535 _d2535 |
||